[Event "Verona op-B"]
[Site "Verona"]
[Date "2017.01.04"]
[Round "4.11"]
[White "Negro, Raffaele"]
[Black "Improta, Giovanni"]
[Result "1-0"]
[WhiteElo "1804"]
[BlackElo "1641"]
[PlyCount "41"]
[EventDate "2017.01.02"]
[EventType "swiss"]
[EventRounds "7"]
[EventCountry "ITA"]
[SourceTitle "EXT 2018"]
[Source "ChessBase"]
[SourceDate "2017.10.13"]
[SourceVersion "1"]
[SourceVersionDate "2017.10.13"]
[SourceQuality "1"]

1. d4 Nf6 2. Bg5 c6 3. Bxf6 exf6 4. c3 Qb6 5. Qc2 d5 6. e3 g6 7. Bd3 Nd7 8. Nf3 c5 9. b3 Qe6 10. 0-0 c4 11. bxc4 dxc4 12. Be2 f5 13. a4 Qd5 14. Nbd2 b5 15. axb5 Nb6 16. Qa2 Be6 17. Ng5 Rc8 18. Qxa7 Qd6 19. Ra6 Ra8 20. Qxb6 Rxa6 21. Qxa6 1-0

[Event "Verona op-B"]
[Site "Verona"]
[Date "2017.01.03"]
[Round "3.13"]
[White "Improta, Giovanni"]
[Black "Guglielmi, Dante"]
[Result "1-0"]
[WhiteElo "1641"]
[BlackElo "1782"]
[PlyCount "63"]
[EventDate "2017.01.02"]
[EventType "swiss"]
[EventRounds "7"]
[EventCountry "ITA"]
[SourceTitle "EXT 2018"]
[Source "ChessBase"]
[SourceDate "2017.10.13"]
[SourceVersion "1"]
[SourceVersionDate "2017.10.13"]
[SourceQuality "1"]

1. d4 d5 2. Nf3 Nf6 3. Bg5 Nbd7 4. e3 e6 5. Nbd2 Be7 6. Bd3 0-0 7. c3 h6 8. Bh4 c5 9. Rc1 c4 10. Bb1 Qc7 11. Qc2 Re8 12. 0-0 e5 13. Bxf6 Bxf6 14. dxe5 Nxe5 15. Nxe5 Bxe5 16. f4 Bf6 17. Rce1 Qc5 18. Kh1 Bg4 19. e4 g6 20. a3 Bd7 21. e5 Bh4 22. Rd1 Qe3 23. Nxc4 Qc5 24. Nd6 Reb8 25. f5 Kg7 26. fxg6 f6 27. Nf5+ Bxf5 28. Qxf5 Qe7 29. Rxd5 Rd8 30. exf6+ Bxf6 31. Rfd1 Rxd5 32. Qxd5 1-0

[Event "Napoli Vomero Inverno op 6th"]
[Site "Napoli"]
[Date "2011.02.25"]
[Round "7"]
[White "Improta, Giovanni"]
[Black "Franzese, Luigi"]
[Result "1-0"]
[WhiteElo "1859"]
[BlackElo "1890"]
[PlyCount "91"]
[EventDate "2011.01.14"]
[EventType "swiss"]
[EventRounds "7"]
[EventCountry "ITA"]
[SourceTitle "EXT 2012"]
[Source "ChessBase"]
[SourceDate "2011.11.24"]
[SourceVersion "1"]
[SourceVersionDate "2011.11.24"]
[SourceQuality "1"]

1. e4 c5 2. Nf3 Nc6 3. d4 cxd4 4. Nxd4 e6 5. Be2 Nf6 6. f3 a6 7. Nxc6 bxc6 8. 0-0 Qb6+ 9. Kh1 Be7 10. c4 0-0 11. e5 Ne8 12. f4 f6 13. Nc3 Qc7 14. Qd4 c5 15. Qe3 Bb7 16. Bd2 Rb8 17. b3 Kh8 18. Bf3 f5 19. Rad1 Rd8 20. Bc1 g6 21. Ba3 Bxf3 22. Rxf3 Ng7 23. Qe2 d6 24. Rfd3 dxe5 25. fxe5 Rxd3 26. Rxd3 Rd8 27. Rxd8+ Qxd8 28. Na4 Kg8 29. Bxc5 Bxc5 30. Nxc5 Qd4 31. Nd3 Nh5 32. g3 f4 33. g4 Ng7 34. Qf3 Qa1+ 35. Kg2 Qxa2+ 36. Nf2 g5 37. Qd3 Kf7 38. c5 Qa5 39. Ne4 h6 40. Qd7+ Kg6 41. Qd3 Kf7 42. Nd6+ Kf8 43. c6 Qc5 44. Qc4 Qxc4 45. bxc4 Ke7 46. c7 1-0

[Event "Napoli Vomero Natale op 4h"]
[Site "Napoli"]
[Date "2007.12.13"]
[Round "5"]
[White "Improta, Giovanni"]
[Black "Capozzoli, Silvio"]
[Result "0-1"]
[WhiteElo "1918"]
[BlackElo "1972"]
[PlyCount "65"]
[EventDate "2007.11.15"]
[EventType "swiss"]
[EventRounds "7"]
[EventCountry "ITA"]
[SourceTitle "EXT 2010"]
[Source "ChessBase"]
[SourceDate "2010.11.25"]
[SourceVersion "1"]
[SourceVersionDate "2010.11.25"]
[SourceQuality "1"]

1. d4 Nf6 2. c4 d6 3. Nc3 e5 4. dxe5 dxe5 5. Qxd8+ Kxd8 6. Bg5 Be6 7. Rd1+ Nbd7 8. Nf3 Ke8 9. e3 Bb4 10. Bxf6 gxf6 11. Be2 Nc5 12. 0-0 Bxc3 13. bxc3 Ne4 14. Rc1 Rd8 15. Rc2 Ke7 16. c5 Nxc5 17. Nd2 Bf5 18. e4 Nxe4 19. Nxe4 Bxe4 20. Rb2 b6 21. Re1 Rhg8 22. f3 Bb7 23. Bc4 Bxf3 24. Rf2 Rd1 25. Rxd1 Bxd1 26. Rd2 Bg4 27. Kf2 Be6 28. Bb5 Rd8 29. Rb2 Rd1 30. Ke3 Rc1 31. Kd2 Rg1 32. Bc6 Ra1 33. a4 0-1

[Event "Napoli Vomero Settembre op 4th"]
[Site "Napoli"]
[Date "2007.10.25"]
[Round "5"]
[White "Cosenza, Gianni"]
[Black "Improta, Giovanni"]
[Result "1-0"]
[WhiteElo "2014"]
[BlackElo "1935"]
[PlyCount "69"]
[EventDate "2007.09.27"]
[EventType "swiss"]
[EventRounds "6"]
[EventCountry "ITA"]
[SourceTitle "EXT 2010"]
[Source "ChessBase"]
[SourceDate "2010.11.25"]
[SourceVersion "1"]
[SourceVersionDate "2010.11.25"]
[SourceQuality "1"]

1. e4 g6 2. d4 c5 3. Nf3 Bg7 4. Be3 Nf6 5. Nc3 Ng4 6. Bf4 Qb6 7. Nd5 Qa5+ 8. b4 cxb4 9. Nc7+ Kf8 10. Nxa8 d6 11. Bd2 Qd8 12. c3 b6 13. Qa4 Bb7 14. Qxa7 Bxe4 15. Qxb6 Qc8 16. Qc7 Qe8 17. Nb6 bxc3 18. Bxc3 Bf6 19. Qxb8 Qxb8 20. Nd7+ Kg7 21. Nxb8 Rxb8 22. Be2 Rc8 23. Rc1 Ra8 24. Bc4 Rc8 25. Bb3 Bd3 26. Bd2 Re8 27. Bc4 Be4 28. 0-0 d5 29. Bb3 Nh6 30. Ne5 Bf5 31. h3 Be6 32. g4 g5 33. f4 gxf4 34. Bxf4 Bh4 35. Nf3 1-0

[Event "Campobasso op 14th"]
[Site "Campobasso"]
[Date "2007.07.21"]
[Round "4"]
[White "Improta, Giovanni"]
[Black "Basaric, Srdjan"]
[Result "0-1"]
[WhiteElo "1935"]
[BlackElo "2020"]
[PlyCount "48"]
[EventDate "2007.07.20"]
[EventType "swiss"]
[EventRounds "6"]
[EventCountry "ITA"]
[SourceTitle "EXT 2009"]
[Source "ChessBase"]
[SourceDate "2008.11.26"]
[SourceVersion "1"]
[SourceVersionDate "2008.11.26"]
[SourceQuality "1"]

1. d4 Nf6 2. Nd2 c5 3. dxc5 Na6 4. Nb3 e6 5. Be3 Qc7 6. Qd4 Nd5 7. 0-0-0 Nxe3 8. Qxe3 Nxc5 9. Nxc5 Bxc5 10. Qc3 0-0 11. Nf3 a5 12. e3 a4 13. Nd4 d5 14. a3 Bd7 15. Bd3 Rfc8 16. Kd2 e5 17. Nb5 Bxb5 18. Bxb5 Qb6 19. Qd3 Ra5 20. c4 dxc4 21. Bxc4 Rd8 22. Bd5 Rxd5 23. Qxd5 Bxe3+ 24. fxe3 Rxd5+ 0-1

[Event "Campobasso op 14th"]
[Site "Campobasso"]
[Date "2007.07.20"]
[Round "2"]
[White "Improta, Giovanni"]
[Black "Cordi, Domenico"]
[Result "0-1"]
[WhiteElo "1935"]
[BlackElo "2062"]
[PlyCount "98"]
[EventDate "2007.07.20"]
[EventType "swiss"]
[EventRounds "6"]
[EventCountry "ITA"]
[SourceTitle "EXT 2009"]
[Source "ChessBase"]
[SourceDate "2008.11.26"]
[SourceVersion "1"]
[SourceVersionDate "2008.11.26"]
[SourceQuality "1"]

1. e4 c5 2. f4 d6 3. Nf3 Nc6 4. c3 Nf6 5. d3 e6 6. Be2 Be7 7. 0-0 a6 8. Qe1 0-0 9. e5 Nd7 10. Qg3 Kh8 11. d4 cxd4 12. cxd4 Qb6 13. Kh1 Nxd4 14. Nxd4 Qxd4 15. Rd1 Qb6 16. b3 d5 17. Nc3 Qc7 18. Bb2 b5 19. Rac1 Qb8 20. Bd3 Rd8 21. Qh3 Nf8 22. Ne2 Bd7 23. Rc2 Qb7 24. Rdc1 Rdc8 25. Qh5 Be8 26. Qh3 Rxc2 27. Rxc2 Rc8 28. Nd4 Rxc2 29. Bxc2 Qc7 30. Qd3 Kg8 31. g4 Bd7 32. Kg2 Ng6 33. Kf3 f6 34. Qc3 Qxc3+ 35. Bxc3 fxe5 36. fxe5 Nxe5+ 37. Kg3 Bd6 38. Kh3 g6 39. Bd1 Nd3 40. Kg2 e5 41. Nc2 Bc6 42. Kf1 Kf7 43. Bd2 d4 44. Be2 Be4 45. g5 Nc5 46. Nb4 a5 47. Bxb5 axb4 48. Bc4+ Ne6 49. a4 Bb1 0-1

[Event "Napoli Basile Memorial-A"]
[Site "Napoli"]
[Date "2007.07.19"]
[Round "6"]
[White "Improta, Giovanni"]
[Black "Gallo, Thomas Renato"]
[Result "0-1"]
[WhiteElo "1917"]
[BlackElo "1840"]
[PlyCount "96"]
[EventDate "2007.06.07"]
[EventType "swiss"]
[EventRounds "7"]
[EventCountry "ITA"]
[SourceTitle "EXT 2010"]
[Source "ChessBase"]
[SourceDate "2010.11.25"]
[SourceVersion "1"]
[SourceVersionDate "2010.11.25"]
[SourceQuality "1"]

1. e4 d6 2. Bc4 Nf6 3. d3 e6 4. a3 d5 5. exd5 exd5 6. Bb3 Bd6 7. Nc3 c6 8. Bg5 Qe7+ 9. Nge2 Bg4 10. f3 Bh5 11. Qd2 0-0 12. 0-0-0 Nbd7 13. Nd4 Bg6 14. Rhe1 Qd8 15. Re2 h6 16. Bh4 Qc7 17. g3 Rae8 18. Rde1 Re5 19. f4 Rxe2 20. Rxe2 b5 21. Nf3 Bh5 22. Rf2 Bc5 23. Rf1 Re8 24. d4 Bxf3 25. Rxf3 Bd6 26. Re3 Qd8 27. Qe2 Rxe3 28. Qxe3 Kf8 29. h3 Qe8 30. Kd2 a6 31. Bxf6 Nxf6 32. Qxe8+ Kxe8 33. Ke3 Ke7 34. g4 g6 35. Ne2 Ne4 36. c3 Ke6 37. Bc2 f5 38. gxf5+ gxf5 39. Kf3 h5 40. Bxe4 dxe4+ 41. Ke3 h4 42. Nc1 c5 43. Nb3 Kd5 44. Na5 cxd4+ 45. cxd4 Bc7 46. Nb3 Bb6 47. Kd2 Bxd4 48. Kc2 Be3 0-1

[Event "Napoli Basile Memorial-A"]
[Site "Napoli"]
[Date "2007.06.29"]
[Round "4"]
[White "Improta, Giovanni"]
[Black "Benedetto, Massimo"]
[Result "0-1"]
[WhiteElo "1917"]
[BlackElo "2033"]
[PlyCount "78"]
[EventDate "2007.06.07"]
[EventType "swiss"]
[EventRounds "7"]
[EventCountry "ITA"]
[SourceTitle "EXT 2010"]
[Source "ChessBase"]
[SourceDate "2010.11.25"]
[SourceVersion "1"]
[SourceVersionDate "2010.11.25"]
[SourceQuality "1"]

1. e4 c5 2. Nf3 d6 3. d4 cxd4 4. Nxd4 Nf6 5. Nc3 e6 6. Be2 Be7 7. 0-0 a6 8. a4 0-0 9. f4 Nbd7 10. f5 e5 11. Nf3 Nc5 12. Nd2 Re8 13. b4 Ncd7 14. Nc4 Nb6 15. Ne3 d5 16. exd5 Bxb4 17. Bb2 Bc5 18. Rf3 Nbxd5 19. Ncxd5 Nxd5 20. Bc1 Nxe3 21. Bxe3 Bxe3+ 22. Rxe3 Qxd1+ 23. Rxd1 Bxf5 24. c3 f6 25. Bc4+ Kf8 26. Bd5 Rad8 27. c4 Be6 28. Red3 Bxd5 29. cxd5 Rd6 30. Rb3 Red8 31. Rxb7 Rxd5 32. Rdb1 Rd1+ 33. Rxd1 Rxd1+ 34. Kf2 Rd4 35. Rb8+ Kf7 36. a5 Ra4 37. Rb7+ Kg6 38. g3 Rxa5 39. h4 h5 0-1

[Event "Napoli Bronstein Memorial"]
[Site "Napoli"]
[Date "2007.02.15"]
[Round "5"]
[White "Schiappoli, Dario"]
[Black "Improta, Giovanni"]
[Result "1-0"]
[WhiteElo "1942"]
[BlackElo "1742"]
[PlyCount "55"]
[EventDate "2007.01.18"]
[EventType "swiss"]
[EventRounds "6"]
[EventCountry "ITA"]
[SourceTitle "EXT 2010"]
[Source "ChessBase"]
[SourceDate "2010.11.25"]
[SourceVersion "1"]
[SourceVersionDate "2010.11.25"]
[SourceQuality "1"]

1. e4 c5 2. Nf3 Nc6 3. d4 cxd4 4. c3 dxc3 5. Nxc3 e6 6. Bc4 Na5 7. Be2 a6 8. 0-0 b5 9. Bf4 d6 10. Rc1 Be7 11. Bxb5+ axb5 12. Nxb5 Rb8 13. Nc7+ Kf8 14. Qa4 e5 15. Bxe5 Bd7 16. Qxa5 dxe5 17. Rfd1 Bb4 18. Qa7 Nf6 19. Nxe5 Rc8 20. Nxd7+ Nxd7 21. Qd4 Rxc7 22. Qxb4+ Kg8 23. Rxc7 Qxc7 24. Qe7 Qc2 25. Qxd7 h6 26. g3 Qxb2 27. Qc8+ Kh7 28. Qf5+ 1-0

[Event "Napoli Natale al Vomero 2nd"]
[Site "Napoli"]
[Date "2005.11.17"]
[Round "3"]
[White "De Rosa, Mariagrazia"]
[Black "Improta, Giovanni"]
[Result "1-0"]
[WhiteElo "2100"]
[BlackElo "1604"]
[PlyCount "55"]
[EventDate "2005.11.03"]
[EventType "swiss"]
[EventRounds "6"]
[EventCountry "ITA"]
[SourceTitle "EXT 2018"]
[Source "ChessBase"]
[SourceDate "2017.10.13"]
[SourceVersion "1"]
[SourceVersionDate "2017.10.13"]
[SourceQuality "1"]

1. e4 d6 2. d4 Nf6 3. Nc3 g6 4. Be3 Ng4 5. Bg5 Bg7 6. Be2 Nf6 7. Qd2 h6 8. Be3 Ng4 9. Bxg4 Bxg4 10. f3 Bd7 11. Nge2 c6 12. a4 a5 13. 0-0 Na6 14. f4 e6 15. Ng3 f5 16. d5 0-0 17. dxe6 Bxe6 18. Rad1 Bc4 19. Rf2 Rf6 20. Bd4 Rf7 21. Bxg7 Rxg7 22. exf5 g5 23. Nh5 Rd7 24. Qd4 Bd5 25. Nxd5 cxd5 26. Nf6+ Kf8 27. Nxd7+ Qxd7 28. Qh8+ 1-0